000 00905nam a2200301Ia 4500
001 H3366
003 IT-RoPAU
008 130308s9999 xx 000 0 und d
040 _aIT-RoPAU
040 _cIT-RoPAU
041 _aITALIANO
100 _aMarrone Gianfranco
100 _gCodice Aut. SPICS: 35715
245 _aNarrazione del gusto in Brillat-Savarin (La)
245 _bGusti e Disgusti. sociosemiotica del Quotidiano
250 _a1a ed.
260 _aTORINO
260 _bTesto & Immagine
260 _c2000 [1° Ed.:2000 - Ed.Ling.Originale:1997]
300 _a"23 p. (prefazione: no ; testo: 23 [pagine: 175-197])"
500 _aOpzione Testuale. Fisiologia Come Tipo di Dicorso. Estetizzazione. Narrazione. Teoria della Frittura.
650 _aSAGGI DI SEMIOLOGIA
650 _eCodice materia Spics: 3257
942 _cBK
957 _71
999 _c41555
_d41555
999 _bSI
999 _g1